000 00410nam a2200181Ia 4500
008 170705s9999 xx 000 0 und d
020 _a9780439634304
245 _aZen ghosts /
245 _cJon J. Muth.
250 _aFirst edition.
260 _aNew York :
260 _bScholastic,
260 _c2010
300 _aunpaged :
300 _bcolor illustration ;
300 _c29cm.
500 _a530
999 _c336776
_d336776